[Event "Moscú open 2006"]
[Site "Moscu RUS"]
[Date "2006.02.04"]
[Round "7.9"]
[White "Onoprienko, Vladimir"]
[Black "Aleksandrov, Aleksej"]
[Result "1/2-1/2"]
[WhiteElo "2348"]
[BlackElo "2635"]
[PlyCount "96"]
[EventDate "2006.01.29"]
[EventType "swiss"]
[EventRounds "9"]
[EventCountry "RUS"]
[Source "lmi"]
[SourceDate "2006.02.06"]

1. e4 e5 2. Nf3 Nc6 3. Bb5 Nf6 4. O-O Nxe4 5. d4 Nd6 6. dxe5 Nxb5 7. a4 d6 8.
axb5 Nxe5 9. Re1 Be7 10. Nxe5 dxe5 11. Qxd8+ Kxd8 12. Rxe5 Bd6 13. Re1 b6 14.
Nd2 Bf5 15. c4 Re8 16. Rxe8+ Kxe8 17. Nf3 Kd7 18. Be3 Bd3 19. b3 Kc8 20. Nd4
Kb7 21. Rd1 Bg6 22. g4 h5 23. Nf5 Be5 24. Rd5 Re8 25. h3 hxg4 26. hxg4 Kc8 27.
Kg2 Bf6 28. Kf3 Bh7 29. Bd4 Bxd4 30. Rxd4 g6 31. Ne3 g5 32. Nf5 f6 33. Re4 Rxe4
34. Kxe4 Kd7 35. Kd5 Bg6 36. Ne3 Bb1 37. Kd4 Kd6 38. b4 Bg6 39. Nd5 f5 40. c5+
Kd7 41. gxf5 Bxf5 42. Ke5 Bd3 43. c6+ Kd8 44. Nc3 Ke7 45. Nd5+ Kd8 46. Nc3 Ke7
47. Nd5+ Kd8 48. Nc3 Ke7 1/2-1/2

[Event "Moscú open 2006"]
[Site "Moscu RUS"]
[Date "2006.02.04"]
[Round "7.11"]
[White "Hasangatin, Ramil"]
[Black "Riazantsev, Alexander"]
[Result "1/2-1/2"]
[WhiteElo "2353"]
[BlackElo "2596"]
[PlyCount "48"]
[EventDate "2006.01.29"]
[EventType "swiss"]
[EventRounds "9"]
[EventCountry "RUS"]
[Source "lmi"]
[SourceDate "2006.02.06"]

1. d4 e6 2. Nf3 Nf6 3. c3 b6 4. Bf4 Bb7 5. e3 Be7 6. h3 O-O 7. Be2 c5 8. O-O d6
9. Bh2 a6 10. c4 cxd4 11. Nxd4 Qc7 12. Nc3 Nbd7 13. Rc1 Rac8 14. Bf3 Rfd8 15.
b3 Ne5 16. Bxb7 Qxb7 17. Qe2 Nc6 18. Qf3 Rd7 19. Nxc6 Rxc6 20. Ne2 Rc8 21. Qxb7
Rxb7 22. Rfd1 Ne8 23. g4 Kf8 24. Rd2 Rd7 1/2-1/2

[Event "Moscú open 2006"]
[Site "Moscu RUS"]
[Date "2006.02.04"]
[Round "7.13"]
[White "Popov, Ivan"]
[Black "Kornev, Alexei"]
[Result "0-1"]
[WhiteElo "2476"]
[BlackElo "2574"]
[PlyCount "74"]
[EventDate "2006.01.29"]
[EventType "swiss"]
[EventRounds "9"]
[EventCountry "RUS"]
[Source "lmi"]
[SourceDate "2006.02.06"]

1. e4 c5 2. Nf3 d6 3. d4 cxd4 4. Nxd4 Nf6 5. Nc3 a6 6. Nb3 e6 7. Be2 Be7 8. O-O
Qc7 9. a4 b6 10. f4 Bb7 11. Bf3 Nbd7 12. Qe2 Rc8 13. Be3 O-O 14. Rad1 Rfe8 15.
g4 d5 16. exd5 Nxd5 17. Nxd5 Bxd5 18. Bxd5 exd5 19. Rxd5 Nf6 20. Rd3 Qc4 21.
Qg2 Qxc2 22. Qxc2 Rxc2 23. Rf2 Rc4 24. Rd4 Rcc8 25. g5 Ng4 26. Re2 Bf8 27. Rd3
Rc4 28. Kg2 Rxe3 29. Rdxe3 Nxe3+ 30. Rxe3 Rxf4 31. a5 bxa5 32. Kg3 Rb4 33. Nxa5
Rb5 34. Nc6 Rxg5+ 35. Kf3 g6 36. Nb8 Rf5+ 37. Kg4 Rb5 0-1

[Event "Moscú open 2006"]
[Site "Moscu RUS"]
[Date "2006.02.04"]
[Round "7.14"]
[White "Balashov, Yuri S"]
[Black "Savchenko, Boris"]
[Result "1/2-1/2"]
[WhiteElo "2469"]
[BlackElo "2484"]
[PlyCount "36"]
[EventDate "2006.01.29"]
[EventType "swiss"]
[EventRounds "9"]
[EventCountry "RUS"]
[Source "lmi"]
[SourceDate "2006.02.06"]

1. d4 Nf6 2. Nf3 d5 3. c4 c6 4. Nc3 a6 5. e3 b5 6. b3 Bg4 7. h3 Bh5 8. Be2 Nbd7
9. O-O e6 10. Bb2 Bd6 11. cxd5 cxd5 12. Ne5 Bxe2 13. Nxe2 Qb8 14. Nd3 O-O 15.
Rc1 Ra7 16. f3 Rc8 17. Qd2 Rac7 18. Rxc7 Rxc7 1/2-1/2

[Event "Moscú open 2006"]
[Site "Moscu RUS"]
[Date "2006.02.04"]
[Round "7.15"]
[White "Potkin, Vladimir"]
[Black "Konovalov, Nikolay"]
[Result "0-1"]
[WhiteElo "2546"]
[BlackElo "2419"]
[PlyCount "74"]
[EventDate "2006.01.29"]
[EventType "swiss"]
[EventRounds "9"]
[EventCountry "RUS"]
[Source "lmi"]
[SourceDate "2006.02.06"]

1. d4 Nf6 2. Nf3 c5 3. d5 g6 4. Nc3 Bg7 5. e4 d6 6. Bc4 O-O 7. O-O Bg4 8. h3
Bxf3 9. Qxf3 Nbd7 10. Qe2 Nb6 11. a4 Nxc4 12. Qxc4 a6 13. Bg5 h6 14. Bd2 b6 15.
f4 Nd7 16. f5 Ne5 17. Qe2 Qd7 18. Kh1 Qb7 19. Qf2 b5 20. axb5 axb5 21. Rxa8
Qxa8 22. Ne2 Qa4 23. f6 exf6 24. Nc3 Qxc2 25. Nxb5 Qxe4 26. Nxd6 Qxd5 27. Nb5
f5 28. Bc3 Rb8 29. Qe2 Qd3 30. Qxd3 Nxd3 31. Nd6 Nxb2 32. Bxb2 Bxb2 33. g4 fxg4
34. Nxf7 Kg7 35. hxg4 Rf8 36. Rb1 Rxf7 37. Rxb2 Rf4 0-1

[Event "Moscú open 2006"]
[Site "Moscu RUS"]
[Date "2006.02.04"]
[Round "7.16"]
[White "Zakharstov, Viacheslav V"]
[Black "Nechepurenko, Roman V"]
[Result "1/2-1/2"]
[WhiteElo "2529"]
[BlackElo "2402"]
[PlyCount "87"]
[EventDate "2006.01.29"]
[EventType "swiss"]
[EventRounds "9"]
[EventCountry "RUS"]
[Source "lmi"]
[SourceDate "2006.02.06"]

1. d4 Nf6 2. c4 g6 3. Nc3 d5 4. cxd5 Nxd5 5. Bd2 Bg7 6. e4 Nb6 7. Be3 Nc6 8.
Nf3 O-O 9. d5 Ne5 10. Nxe5 Bxe5 11. Bd4 Bxd4 12. Qxd4 e6 13. O-O-O exd5 14.
exd5 Bf5 15. h4 Qd7 16. Be2 Rad8 17. h5 Qe7 18. g4 c5 19. Qf4 Bc8 20. d6 Qe6
21. Bf3 Rde8 22. Ne4 f5 23. Nxc5 Qe5 24. Qxe5 Rxe5 25. Nd3 Ra5 26. hxg6 hxg6
27. g5 f4 28. Rhe1 Rxg5 29. Re7 Rf7 30. Rde1 Rgf5 31. Ne5 Rg7 32. Re8+ Rf8 33.
Rxf8+ Kxf8 34. b3 Nd7 35. Nc4 Nf6 36. Re5 b6 37. a4 g5 38. Re1 g4 39. Bc6 Bd7
40. Bxd7 Rxd7 41. Kc2 g3 42. fxg3 fxg3 43. Rg1 Ne4 44. Kd3 1/2-1/2

[Event "Moscú open 2006"]
[Site "Moscu RUS"]
[Date "2006.02.04"]
[Round "7.18"]
[White "Zontakh, Andrey"]
[Black "Yuferov, Sergey  N"]
[Result "1-0"]
[WhiteElo "2515"]
[BlackElo "2431"]
[PlyCount "69"]
[EventDate "2006.01.29"]
[EventType "swiss"]
[EventRounds "9"]
[EventCountry "RUS"]
[Source "lmi"]
[SourceDate "2006.02.06"]

1. e4 c5 2. Nf3 d6 3. d4 cxd4 4. Nxd4 Nf6 5. Nc3 a6 6. Be3 e5 7. Nb3 Be6 8. f3
Be7 9. Qd2 O-O 10. O-O-O Nbd7 11. g4 b5 12. g5 b4 13. Ne2 Ne8 14. f4 a5 15. Kb1
Nb6 16. Bxb6 Qxb6 17. f5 Bxb3 18. cxb3 d5 19. Ng3 Bc5 20. Qxd5 Nf6 21. Qxe5 Ng4
22. Qf4 Nf2 23. Bc4 Be3 24. Qh4 Nxh1 25. Rxh1 Rad8 26. f6 gxf6 27. gxf6 Kh8 28.
Nf5 Bd4 29. Rf1 Rg8 30. Nh6 Rdf8 31. Nxg8 Rxg8 32. e5 Be3 33. Bd3 h6 34. Qe4
Rg6 35. e6 1-0

[Event "Moscú open 2006"]
[Site "Moscu RUS"]
[Date "2006.02.04"]
[Round "7.19"]
[White "Vorobiov, Evgeny E"]
[Black "Poobesh Anand, S."]
[Result "1/2-1/2"]
[WhiteElo "2529"]
[BlackElo "2365"]
[PlyCount "34"]
[EventDate "2006.01.29"]
[EventType "swiss"]
[EventRounds "9"]
[EventCountry "RUS"]
[Source "lmi"]
[SourceDate "2006.02.06"]

1. e4 c5 2. Nf3 Nc6 3. c3 d5 4. exd5 Qxd5 5. d4 e5 6. Nxe5 Nxe5 7. dxe5 Qxe5+
8. Qe2 Bd6 9. Na3 Nf6 10. Nc4 Qxe2+ 11. Bxe2 Bc7 12. Be3 b6 13. Bf3 Rb8 14.
Bc6+ Bd7 15. Bxd7+ Kxd7 16. a4 Nd5 17. Ke2 Rhe8 1/2-1/2

[Event "Moscú open 2006"]
[Site "Moscu RUS"]
[Date "2006.02.04"]
[Round "7.20"]
[White "Krapivin, Alexander"]
[Black "Barsov, Alexei"]
[Result "1/2-1/2"]
[WhiteElo "2422"]
[BlackElo "2491"]
[PlyCount "85"]
[EventDate "2006.01.29"]
[EventType "swiss"]
[EventRounds "9"]
[EventCountry "RUS"]
[Source "lmi"]
[SourceDate "2006.02.06"]

1. e4 e6 2. d4 d5 3. e5 c5 4. c3 Nc6 5. Nf3 Bd7 6. a3 f6 7. Bd3 Qc7 8. O-O c4
9. Bc2 O-O-O 10. Re1 Nge7 11. Nbd2 Na5 12. b3 cxb3 13. Nxb3 Nec6 14. Bf4 h6 15.
h4 Be8 16. g4 Nxb3 17. Bxb3 Na5 18. Bc2 g6 19. Qd2 Nc4 20. Qc1 f5 21. g5 hxg5
22. Bxg5 Be7 23. Bxe7 Qxe7 24. Qg5 Qxg5+ 25. hxg5 Rd7 26. Bd3 Rc7 27. Bxc4 dxc4
28. d5 Rc5 29. Rad1 Rh5 30. Kg2 Rxd5 31. Rxd5 exd5 32. Rh1 Rxh1 33. Kxh1 Kd7
34. Nd4 Ke7 35. Kg1 Ba4 36. Kf1 Kd7 37. Ke2 a6 38. Ke3 Bd1 39. Kd2 Ba4 40. f4
b6 41. Nf3 Ke6 42. Ke3 Be8 43. Kd4 1/2-1/2

[Event "Moscú open 2006"]
[Site "Moscu RUS"]
[Date "2006.02.04"]
[Round "7.22"]
[White "Gagarin, Vasilij"]
[Black "Lysyj, Igor"]
[Result "1-0"]
[WhiteElo "2424"]
[BlackElo "2474"]
[PlyCount "97"]
[EventDate "2006.01.29"]
[EventType "swiss"]
[EventRounds "9"]
[EventCountry "RUS"]
[Source "lmi"]
[SourceDate "2006.02.06"]

1. d4 e6 2. c4 Nf6 3. Nf3 b6 4. Nc3 Bb4 5. Qc2 Bb7 6. a3 Bxc3+ 7. Qxc3 Ne4 8.
Qc2 O-O 9. e3 f5 10. Bd3 d6 11. O-O Nd7 12. b4 Rf6 13. d5 exd5 14. Bb2 Rg6 15.
cxd5 Bxd5 16. Bc4 Bxc4 17. Qxc4+ Kh8 18. Qd5 c5 19. Nh4 Rg5 20. Nxf5 Ndf6 21.
Bxf6 Nxf6 22. Qe6 Qe8 23. Qxe8+ Nxe8 24. e4 Rg6 25. Rfd1 Re6 26. f3 g6 27. Ne3
Nc7 28. Rab1 Nb5 29. Nd5 Rc8 30. bxc5 Rxc5 31. Rb3 Nc7 32. Nxc7 Rxc7 33. Rbd3
Rc6 34. a4 Kg7 35. Rd5 Kf7 36. a5 Re5 37. Rxe5 dxe5 38. Rd7+ Ke6 39. Rxh7 bxa5
40. Rxa7 Rc1+ 41. Kf2 Ra1 42. Ra6+ Kf7 43. Kg3 a4 44. Kg4 Ra2 45. Kg3 Ra1 46.
h4 Ra2 47. Kh3 a3 48. Kg3 Ra1 49. Kg4 1-0

[Event "Moscú open 2006"]
[Site "Moscu RUS"]
[Date "2006.02.04"]
[Round "7.23"]
[White "Aleshin, Oleg"]
[Black "Novikov, Stanislav"]
[Result "0-1"]
[WhiteElo "2423"]
[BlackElo "2514"]
[PlyCount "52"]
[EventDate "2006.01.29"]
[EventType "swiss"]
[EventRounds "9"]
[EventCountry "RUS"]
[Source "lmi"]
[SourceDate "2006.02.06"]

1. e4 c5 2. Nf3 d6 3. d4 cxd4 4. Nxd4 Nf6 5. Nc3 a6 6. Be3 e5 7. Nb3 Be6 8. Qd2
Be7 9. f3 O-O 10. O-O-O a5 11. Bb5 Na6 12. Qe2 Qb8 13. Na4 Nc7 14. Nb6 a4 15.
Nxa8 axb3 16. Nb6 bxa2 17. Kd2 d5 18. exd5 Nfxd5 19. Nxd5 Nxd5 20. Ra1 Qd8 21.
Bd3 Nxe3 22. Kxe3 Qd4+ 23. Kd2 Qb4+ 24. c3 Qxb2+ 25. Ke3 Bc5+ 26. Ke4 Qxc3 0-1

[Event "Moscú open 2006"]
[Site "Moscu RUS"]
[Date "2006.02.04"]
[Round "7.24"]
[White "Gasanov, Eldar"]
[Black "Arghyadip, Das"]
[Result "1/2-1/2"]
[WhiteElo "2438"]
[BlackElo "2430"]
[PlyCount "34"]
[EventDate "2006.01.29"]
[EventType "swiss"]
[EventRounds "9"]
[EventCountry "RUS"]
[Source "lmi"]
[SourceDate "2006.02.06"]

1. d4 Nf6 2. c4 c5 3. d5 b5 4. a4 b4 5. g3 g6 6. b3 Bg7 7. Bb2 O-O 8. Bg2 d6 9.
Nd2 Bb7 10. Ngf3 e6 11. dxe6 fxe6 12. O-O Nbd7 13. Qc2 Qe7 14. Rad1 Rae8 15.
Ne1 Bxg2 16. Nxg2 d5 17. e3 Ng4 1/2-1/2

[Event "Moscú open 2006"]
[Site "Moscu RUS"]
[Date "2006.02.04"]
[Round "7.25"]
[White "Ogloblin, Nikolay"]
[Black "Iskusnyh, Sergei"]
[Result "0-1"]
[WhiteElo "2429"]
[BlackElo "2459"]
[PlyCount "62"]
[EventDate "2006.01.29"]
[EventType "swiss"]
[EventRounds "9"]
[EventCountry "RUS"]
[Source "lmi"]
[SourceDate "2006.02.06"]

1. d4 d5 2. c4 c6 3. Nf3 Nf6 4. Nc3 a6 5. c5 Nbd7 6. Bg5 h6 7. Bf4 g5 8. Bg3
Bg7 9. e3 Nh5 10. Be5 f6 11. Nh4 O-O 12. Ng6 fxe5 13. Nxf8 Qxf8 14. Qxh5 exd4
15. exd4 Bxd4 16. Qg6+ Qg7 17. Qxg7+ Kxg7 18. Na4 Nxc5 19. Rd1 Bxf2+ 20. Kxf2
Nxa4 21. Re1 Kf6 22. h4 g4 23. b4 Bf5 24. Ke3 a5 25. Bd3 e5 26. Bxf5 Kxf5 27.
Rhf1+ Ke6 28. bxa5 Nc5 29. a6 Rxa6 30. Re2 Ra3+ 31. Kf2 Ne4+ 0-1

[Event "Moscú open 2006"]
[Site "Moscu RUS"]
[Date "2006.02.05"]
[Round "8.2"]
[White "Czarnota, Pawel"]
[Black "Lastin, Alexander"]
[Result "0-1"]
[WhiteElo "2432"]
[BlackElo "2588"]
[PlyCount "59"]
[EventDate "2006.01.29"]
[EventType "swiss"]
[EventRounds "9"]
[EventCountry "RUS"]
[Source "lmi"]
[SourceDate "2006.02.06"]

1. e4 e5 2. Nf3 Nc6 3. Bb5 a6 4. Ba4 Nf6 5. O-O Be7 6. Re1 b5 7. Bb3 O-O 8. a4
Bb7 9. c3 d5 10. axb5 axb5 11. Rxa8 Bxa8 12. d4 Nxe4 13. dxe5 Bc5 14. Re2 Bb6
15. Nbd2 Nc5 16. Nf1 d4 17. cxd4 Nxb3 18. Qxb3 Nxd4 19. Nxd4 Qxd4 20. Qxb5 Rb8
21. Ne3 h6 22. h3 Qe4 23. Qc4 Qxe5 24. Nf1 Qf5 25. Be3 Ba5 26. Bd4 Qf4 27. Qa4
Bb4 28. Be5 Qc4 29. Ng3 Qd5 30. f3 0-1

[Event "Moscú open 2006"]
[Site "Moscu RUS"]
[Date "2006.02.05"]
[Round "8.3"]
[White "Kosyrev, Vladimir"]
[Black "Amonatov, Farrukh"]
[Result "1/2-1/2"]
[WhiteElo "2539"]
[BlackElo "2588"]
[PlyCount "41"]
[EventDate "2006.01.29"]
[EventType "swiss"]
[EventRounds "9"]
[EventCountry "RUS"]
[Source "lmi"]
[SourceDate "2006.02.06"]

1. d4 Nf6 2. c4 g6 3. Nc3 Bg7 4. e4 d6 5. Nf3 Bg4 6. Be2 O-O 7. Be3 Nfd7 8. Ng1
Bxe2 9. Ngxe2 e5 10. d5 f5 11. f3 Bh6 12. Bf2 Nf6 13. Qd3 fxe4 14. Nxe4 Nxe4
15. Qxe4 Nd7 16. Nc3 Qg5 17. O-O Nf6 18. Qc2 Rae8 19. Rae1 a6 20. Ne4 Nxe4 21.
Rxe4 1/2-1/2

[Event "Moscú open 2006"]
[Site "Moscu RUS"]
[Date "2006.02.05"]
[Round "8.6"]
[White "Nepomniashchy, Yan"]
[Black "Khismatullin, Denis"]
[Result "0-1"]
[WhiteElo "2483"]
[BlackElo "2548"]
[PlyCount "98"]
[EventDate "2006.01.29"]
[EventType "swiss"]
[EventRounds "9"]
[EventCountry "RUS"]
[Source "lmi"]
[SourceDate "2006.02.06"]

1. e4 c5 2. Nf3 d6 3. d4 cxd4 4. Nxd4 Nf6 5. Nc3 a6 6. Be3 e5 7. Nb3 Be6 8. f3
Nbd7 9. g4 Nb6 10. g5 Nh5 11. Qd2 Be7 12. O-O-O O-O 13. Rg1 Rc8 14. h4 g6 15.
Kb1 Qc7 16. Qf2 Bd8 17. Rg2 Nc4 18. Bxc4 Bxc4 19. Qd2 Be7 20. Na4 d5 21. Nb6 d4
22. Nxc8 Qxc8 23. Bg1 Qh3 24. Qf2 Nf4 25. Rh2 Qe6 26. Qd2 f6 27. gxf6 Rxf6 28.
Nc1 Nh5 29. c3 Rxf3 30. cxd4 exd4 31. Bxd4 Nf6 32. Re1 Ng4 33. Rhh1 h5 34. Qc2
Bb5 35. Bc5 Bf6 36. e5 Bg7 37. Rhg1 Bc6 38. Ka1 Bd5 39. Ne2 Qc8 40. Rc1 Bf7 41.
Nd4 Rf2 42. Qe4 Nxe5 43. Qe3 Rh2 44. Qg3 Ng4 45. Bb4 Qd7 46. Qb8+ Kh7 47. Rxg4
Qd5 48. b3 Bxd4+ 49. Rxd4 Rxa2+ 0-1

[Event "Moscú open 2006"]
[Site "Moscu RUS"]
[Date "2006.02.05"]
[Round "8.9"]
[White "Ivanov, Victor L"]
[Black "Zontakh, Andrey"]
[Result "1/2-1/2"]
[WhiteElo "2463"]
[BlackElo "2515"]
[PlyCount "50"]
[EventDate "2006.01.29"]
[EventType "swiss"]
[EventRounds "9"]
[EventCountry "RUS"]
[Source "lmi"]
[SourceDate "2006.02.06"]

1. e4 c6 2. d4 d5 3. Nc3 dxe4 4. Nxe4 Bf5 5. Ng3 Bg6 6. h4 h6 7. Nf3 Nd7 8. h5
Bh7 9. Bd3 Bxd3 10. Qxd3 e6 11. Bf4 Qa5+ 12. c3 Ngf6 13. Ne5 Be7 14. O-O O-O
15. a4 Rad8 16. b4 Nxe5 17. Qe2 Nf3+ 18. Qxf3 Qd5 19. Qe2 Qb3 20. Rfc1 Bd6 21.
Be5 Bxe5 22. dxe5 Nd5 23. Rab1 Qxa4 24. Ra1 Qb3 25. Rab1 Qa4 1/2-1/2

[Event "Moscú open 2006"]
[Site "Moscu RUS"]
[Date "2006.02.05"]
[Round "8.11"]
[White "Nikolenko, Oleg"]
[Black "Gavrilov, Alexei"]
[Result "1-0"]
[WhiteElo "2524"]
[BlackElo "2471"]
[PlyCount "81"]
[EventDate "2006.01.29"]
[EventType "swiss"]
[EventRounds "9"]
[EventCountry "RUS"]
[Source "lmi"]
[SourceDate "2006.02.06"]

1. g3 e5 2. Bg2 d5 3. Nf3 Nc6 4. d3 Nf6 5. O-O Be7 6. c4 dxc4 7. dxc4 Qxd1 8.
Rxd1 Be6 9. b3 Nd7 10. Nc3 f6 11. Nd5 O-O-O 12. Nxe7+ Nxe7 13. Ne1 Nf5 14. Nc2
g5 15. Ba3 h5 16. Rd3 Rde8 17. Rad1 g4 18. Be4 Nb8 19. R3d2 a5 20. Bb2 Na6 21.
Ba3 Nb8 22. Ne1 Na6 23. Nd3 Nd4 24. Nc5 Nxc5 25. Bxc5 f5 26. Bg2 Bf7 27. Kf1
Ne6 28. Ba3 e4 29. Rd5 Rd8 30. Ke1 b6 31. Bb2 Rhf8 32. Rxf5 Rxd1+ 33. Kxd1 Rd8+
34. Ke1 Bg8 35. Rxh5 Nc5 36. Ba3 Ne6 37. Bxe4 a4 38. e3 axb3 39. axb3 Re8 40.
Bc6 Rd8 41. Be7 1-0

[Event "Moscú open 2006"]
[Site "Moscu RUS"]
[Date "2006.02.05"]
[Round "8.13"]
[White "Iskusnyh, Sergei"]
[Black "Onoprienko, Vladimir"]
[Result "1-0"]
[WhiteElo "2459"]
[BlackElo "2348"]
[PlyCount "63"]
[EventDate "2006.01.29"]
[EventType "swiss"]
[EventRounds "9"]
[EventCountry "RUS"]
[Source "lmi"]
[SourceDate "2006.02.06"]

1. d4 Nf6 2. c4 c5 3. d5 e5 4. Nc3 d6 5. e4 Be7 6. Bd3 Nbd7 7. Nge2 h5 8. h4 a6
9. f3 g6 10. Be3 Kf8 11. Qd2 Kg7 12. g3 Ne8 13. a4 b6 14. b3 Rb8 15. Qb2 Nc7
16. O-O Nf6 17. b4 Bd7 18. Rfb1 a5 19. bxc5 bxc5 20. Nb5 Na6 21. Rf1 Nb4 22.
Rad1 Rf8 23. Bb1 Kg8 24. Qc3 Re8 25. Bg5 Bc8 26. Qd2 Rb7 27. Nec3 Nh7 28. Be3
Bf8 29. Rf2 Qd7 30. Rdf1 Nf6 31. Rg2 Bg7 32. Bg5 1-0

[Event "Moscú open 2006"]
[Site "Moscu RUS"]
[Date "2006.02.05"]
[Round "8.14"]
[White "Aleksandrov, Aleksej"]
[Black "Balashov, Yuri S"]
[Result "1-0"]
[WhiteElo "2635"]
[BlackElo "2469"]
[PlyCount "42"]
[EventDate "2006.01.29"]
[EventType "swiss"]
[EventRounds "9"]
[EventCountry "RUS"]
[Source "lmi"]
[SourceDate "2006.02.06"]

1. d4 Nf6 2. c4 e6 3. Nc3 d5 4. cxd5 exd5 5. Bg5 c6 6. Qc2 Be7 7. e3 Nbd7 8.
Bd3 Nf8 9. O-O-O Ne6 10. Bh4 g6 11. h3 Ng7 12. f3 O-O 13. Nge2 Re8 14. e4 Be6
15. g4 dxe4 16. fxe4 Rc8 17. Kb1 Nxe4 18. Bxe7 Nxc3+ 19. Nxc3 Qxe7 20. Qf2 Bd5
21. Nxd5 cxd5 1-0

[Event "Moscú open 2006"]
[Site "Moscu RUS"]
[Date "2006.02.05"]
[Round "8.15"]
[White "Riazantsev, Alexander"]
[Black "Slizhevsky, Alexander"]
[Result "1-0"]
[WhiteElo "2596"]
[BlackElo "2409"]
[PlyCount "35"]
[EventDate "2006.01.29"]
[EventType "swiss"]
[EventRounds "9"]
[EventCountry "RUS"]
[Source "lmi"]
[SourceDate "2006.02.06"]

1. d4 Nf6 2. c4 g6 3. Nc3 d5 4. Bf4 Bg7 5. e3 O-O 6. Rc1 c5 7. dxc5 Be6 8. Nge2
Nc6 9. cxd5 Bxd5 10. Bg5 Be6 11. Nf4 Bf5 12. Bd3 Qc8 13. O-O Rd8 14. Bxf6 Bxf6
15. Bxf5 Qxf5 16. Qb3 Rd7 17. Qc4 Rad8 18. b4 1-0

[Event "Moscú open 2006"]
[Site "Moscu RUS"]
[Date "2006.02.05"]
[Round "8.17"]
[White "Savchenko, Boris"]
[Black "Danin, Alexandre"]
[Result "1/2-1/2"]
[WhiteElo "2484"]
[BlackElo "2413"]
[PlyCount "70"]
[EventDate "2006.01.29"]
[EventType "swiss"]
[EventRounds "9"]
[EventCountry "RUS"]
[Source "lmi"]
[SourceDate "2006.02.06"]

1. e4 e6 2. d4 d5 3. Nc3 Nf6 4. Bg5 Be7 5. e5 Nfd7 6. h4 O-O 7. f4 c5 8. dxc5
Nc6 9. Qe2 f6 10. exf6 Nxf6 11. O-O-O Bxc5 12. Kb1 Qa5 13. h5 h6 14. Bxf6 Rxf6
15. g3 Bb4 16. Qd3 Bxc3 17. Qxc3 Qxc3 18. bxc3 e5 19. fxe5 Nxe5 20. Bg2 Ng4 21.
Bxd5+ Be6 22. Nh3 Bxd5 23. Rxd5 Rc8 24. Rhd1 Rxc3 25. Rd8+ Rf8 26. Rxf8+ Kxf8
27. Nf4 Nf6 28. Rd8+ Kf7 29. Kb2 Rxg3 30. Rb8 Rg4 31. Rxb7+ Kg8 32. Nd3 Nxh5
33. Rxa7 Nf4 34. Ne5 Rg5 35. Ra8+ Kh7 1/2-1/2

[Event "Moscú open 2006"]
[Site "Moscu RUS"]
[Date "2006.02.05"]
[Round "8.18"]
[White "Smirnov, Igor"]
[Black "Zakharstov, Viacheslav V"]
[Result "1/2-1/2"]
[WhiteElo "2438"]
[BlackElo "2529"]
[PlyCount "56"]
[EventDate "2006.01.29"]
[EventType "swiss"]
[EventRounds "9"]
[EventCountry "RUS"]
[Source "lmi"]
[SourceDate "2006.02.06"]

1. e4 c5 2. Nf3 d6 3. d4 cxd4 4. Nxd4 Nf6 5. Nc3 a6 6. Be3 e5 7. Nf3 Be7 8. Bc4
O-O 9. O-O Nc6 10. Qe2 Na5 11. Bb3 Nxb3 12. axb3 Be6 13. Rfd1 Qc7 14. Bg5 Rac8
15. Bxf6 Bxf6 16. Rac1 Qb6 17. Nd5 Bxd5 18. Rxd5 Rc6 19. Rcd1 Rfc8 20. R1d2 Qb4
21. g3 g6 22. Qd3 Be7 23. Re2 Bf8 24. Qd1 Qb6 25. c3 Rc5 26. Red2 Rxd5 27. Rxd5
Rc5 28. Rxc5 Qxc5 1/2-1/2

[Event "Moscú open 2006"]
[Site "Moscu RUS"]
[Date "2006.02.05"]
[Round "8.19"]
[White "Grigoriants, Sergey"]
[Black "Krapivin, Alexander"]
[Result "1-0"]
[WhiteElo "2540"]
[BlackElo "2422"]
[PlyCount "63"]
[EventDate "2006.01.29"]
[EventType "swiss"]
[EventRounds "9"]
[EventCountry "RUS"]
[Source "lmi"]
[SourceDate "2006.02.06"]

1. d4 d5 2. c4 e6 3. Nf3 c6 4. Qc2 Bd6 5. Bg5 Qa5+ 6. Nbd2 h6 7. Bh4 dxc4 8.
Qxc4 b6 9. Bg3 Bxg3 10. hxg3 Ba6 11. Qc2 Ne7 12. a3 c5 13. dxc5 bxc5 14. e3
Bxf1 15. Kxf1 Nd7 16. Nc4 Qa6 17. Kg1 Nf6 18. g4 Ng6 19. g5 hxg5 20. Rxh8+ Nxh8
21. Nxg5 Rd8 22. Ne5 Qd6 23. Ngf3 Qd5 24. Qa4+ Kf8 25. Qxa7 Ne4 26. Qc7 f6 27.
Nc6 Re8 28. b4 c4 29. a4 c3 30. b5 Qc4 31. b6 Qe2 32. Rf1 1-0

[Event "Moscú open 2006"]
[Site "Moscu RUS"]
[Date "2006.02.05"]
[Round "8.21"]
[White "Barsov, Alexei"]
[Black "Zabotin, Alexander"]
[Result "0-1"]
[WhiteElo "2491"]
[BlackElo "2332"]
[PlyCount "62"]
[EventDate "2006.01.29"]
[EventType "swiss"]
[EventRounds "9"]
[EventCountry "RUS"]
[Source "lmi"]
[SourceDate "2006.02.06"]

1. d4 Nf6 2. c4 g6 3. Nc3 d5 4. cxd5 Nxd5 5. Bd2 Bg7 6. e4 Nb6 7. Be3 O-O 8.
Bb5 a6 9. Be2 f5 10. Nh3 fxe4 11. Qb3+ e6 12. Nf4 Qe7 13. d5 Rxf4 14. Bxf4 Qf7
15. Be3 exd5 16. Bxb6 cxb6 17. Nxd5 Be6 18. Bc4 b5 19. Ne7+ Qxe7 20. Bxe6+ Kh8
21. Bd5 Nd7 22. O-O Nc5 23. Qe3 Bxb2 24. Rad1 Bf6 25. f3 Bg5 26. Qd4+ Bf6 27.
Qe3 Bg5 28. f4 Bf6 29. g4 Rf8 30. Kg2 b6 31. g5 Bg7 0-1

[Event "Moscú open 2006"]
[Site "Moscu RUS"]
[Date "2006.02.05"]
[Round "8.23"]
[White "Shabanov, Yuri"]
[Black "Geller, Jakov"]
[Result "1/2-1/2"]
[WhiteElo "2435"]
[BlackElo "2483"]
[PlyCount "25"]
[EventDate "2006.01.29"]
[EventType "swiss"]
[EventRounds "9"]
[EventCountry "RUS"]
[Source "lmi"]
[SourceDate "2006.02.06"]

1. e4 c5 2. Nf3 e6 3. d3 b5 4. g3 Bb7 5. Bg2 d6 6. O-O Nf6 7. Re1 Be7 8. a4 b4
9. e5 dxe5 10. Nxe5 Bxg2 11. Kxg2 Qd5+ 12. Qf3 Qxf3+ 13. Kxf3 1/2-1/2

[Event "Moscú open 2006"]
[Site "Moscu RUS"]
[Date "2006.02.05"]
[Round "8.25"]
[White "Tihonov, Jurij"]
[Black "Khruschiov, Alexey"]
[Result "0-1"]
[WhiteElo "2454"]
[BlackElo "2444"]
[PlyCount "70"]
[EventDate "2006.01.29"]
[EventType "swiss"]
[EventRounds "9"]
[EventCountry "RUS"]
[Source "lmi"]
[SourceDate "2006.02.06"]

1. d4 Nf6 2. c4 g6 3. Nc3 Bg7 4. Bg5 O-O 5. Nf3 h6 6. Bh4 c5 7. d5 d6 8. e3 g5
9. Bg3 Nh5 10. Bd3 f5 11. Nd2 Nxg3 12. hxg3 e6 13. Qc2 Na6 14. a3 Nc7 15. f4
exd5 16. cxd5 b5 17. Nf3 c4 18. Be2 g4 19. Nd2 Re8 20. e4 fxe4 21. Rh4 a5 22.
Bxg4 Bf6 23. Rxh6 Kg7 24. Bxc8 Kxh6 25. Bf5 e3 26. Nf3 b4 27. Ne2 c3 28. Bh7
Rg8 29. O-O-O Qe8 30. Ned4 Kg7 31. Nf5+ Kf8 32. Bxg8 cxb2+ 33. Kb1 Nb5 34. Rd3
Rc8 35. Rxe3 Nxa3+ 0-1